000 00438nam a22001697a 4500
003 NUST
020 _a9783639191158
038 _akhadija
082 _a670.285
_bIDR
100 _aIdris Zehrudin Muhammed
_986646
245 _aLean and Agile Manufacturing Systems /
_cIdris Zehrudin Muhammed
260 _aGermany (Berlin):
_bVDM Verlag;
_c2009.
300 _a124p. ;
_b18 cm.
500 _aPaperback.
563 _aPB
942 _cBK
_2ddc
999 _c32501
_d32501